00373nam a22001337a 450000500170000000800410001704100130005808200120007110000130008324500400009626000470013630000310018365000250021420240702121542.0240702b |||||||| |||| 00| 0 eng d aEnglish  a349 ANN lEnglish  aAnnual Survey of South African Law  aCape Town: bJuta and Company Ltd, c2003  blii, 1015 pages; c23 cm.  aLegal practicebLaw